Formación permanente de profesores de ciencias experimentales: bases para un programa de catuación. Sistemas educativos y formación docente en los países de la Red

Guardat en:
Dades bibliogràfiques
Autor corporatiu: Universidad de Alcalá (autor)
Format: Llibre
Idioma:espanyol
Publicat: Alcalá de Henares Universidad de Alcalá 1997
Matèries:
Etiquetes: Afegir etiqueta
Sense etiquetes, Sigues el primer a etiquetar aquest registre!

MARC

LEADER 00000nam a2200000 a 4500
001 UCQ3965
003 CL-VaPUC
008 980829e19970000SP |||||||||||||||||spa|d
082 0 4 |a 370.71  |b UNI  |2 21 
110 |a Universidad de Alcalá  |e autor  |9 418150 
245 1 0 |a Formación permanente de profesores de ciencias experimentales: bases para un programa de catuación. Sistemas educativos y formación docente en los países de la Red 
300 |a 146 p 
942 |c BK 
945 |d 19980829 00:00:00  |a aarredon 
260 |a Alcalá de Henares  |b Universidad de Alcalá  |c 1997 
650 0 |a Formación profesional de profesores  |9 307493 
650 0 |a Desarrollo curricular  |9 365285 
650 7 |a SISTEMA EDUCACIONAL  |2 CL-VaPUC  |9 339433 
650 0 |a Docentes  |9 311365 
651 0 |a España  |9 254926 
651 0 |a Latinoamérica  |9 316393 
651 7 |a CHILE  |2 CL-VaPUC  |9 418151 
583 |a last modification  |c 20160914 10:03:11  |k Rodrigo Vera 
999 |c 274475  |d 274473 
952 |0 0  |1 0  |4 0  |6 370_710000000000000_UNI_1997  |7 0  |8 A  |9 310650  |a BIBEDU  |b BIBEDU  |c ES_NOD  |d 2019-11-20  |i 3457737  |l 1  |o 370.71 UNI 1997  |p 3457737  |r 2023-10-02  |s 2023-10-02  |w 2019-11-20  |y BK  |k BME